00298nam a2200121Ia 4500008004100000041000800041082001400049100001500063245002500078260003900103300002300142365001100165240624s9999 xx 000 0 und d aeng a658.8 BRO aBROWN MARK aM COMMERCE IN A WEEK c2002aLondonbHodder and stoughton a88 : p. : cm. ; 20 cRSb33